Contributions of E.Stanley Jones. (Record no. 3307)

MARC details
000 -LEADER
fixed length control field 00607nam a2200241 a 4500
020 ## - INTERNATIONAL STANDARD BOOK NUMBER
ISBN
082 00 - DEWEY DECIMAL CLASSIFICATION NUMBER
Classification number 269.2
Author Cutter TAY
100 ## - MAIN ENTRY--AUTHOR NAME
Author name Taylor, Richard W
245 ## - TITLE STATEMENT
Title Contributions of E.Stanley Jones.
260 ## - PUBLICATION, DISTRIBUTION, ETC. (IMPRINT)
Place of publication Bangalore
Name of publisher Christian Instt.For Study of Religion
Year of publication 1973
300 ## - PHYSICAL DESCRIPTION
Number of Pages 120p
500 ## - GENERAL NOTE
General note includes index and biblioraphy
505 2# - FORMATTED CONTENTS NOTE
Formatted contents note Index
650 ## - SUBJECT ADDED ENTRY--TOPICAL TERM
Topical Term Evangelistic Work
942 ## - ADDED ENTRY ELEMENTS (KOHA)
Koha item type Books
700 1# -
-- Taylor, Richard W
Holdings
Home library Current library Date acquired Cost, normal purchase price Full call number Accession Number Koha item type
Henry Martyn Institute Library Henry Martyn Institute Library 03/07/2008 6.50 269.2 TAY 07019 E-Books
                   Copyright © 2026 | Henry Martyn Institute | Hyderabad | TS-500052 | INDIA | Implemented by hmi.edu.in
Hit-Count:

Powered by Koha